Forschung in der Mathematikdidaktik

Αποθηκεύτηκε σε:
Λεπτομέρειες βιβλιογραφικής εγγραφής
Κύριος συγγραφέας: Bauersfeld, H.
Άλλοι συγγραφείς: Heymann, Hans Werner 1946-, Lorenz, Jens-Holger
Μορφή: Βιβλίο
Γλώσσα:German
Δημοσίευση: Koln : Aulis Verlag Deubner, 1982
Έκδοση:2. unv. Auf
Σειρά:IDM-Reihe. Untersuchungen zum Mathematikunterricht ; ; 3
Θέματα:
Ετικέτες: Προσθήκη ετικέτας
Δεν υπάρχουν, Καταχωρήστε ετικέτα πρώτοι!

MARC

LEADER 00000nam a2200000 i 4500
001 1/30496
008 941103s1982 ger d
020 |a 3-7614-0592-8 
035 |l 10038584 
040 |a GR-MY-UA  |b gre  |e aacr 
041 0 |a ger 
082 0 |a 510.71 
100 1 |a Bauersfeld, H. 
245 1 0 |a Forschung in der Mathematikdidaktik /  |c bandherausgeber Heinrich Bauersfeld, Hans Werner Heymann, Jensolger Lorenz 
250 |a 2. unv. Auf 
260 |a Koln :   |b Aulis Verlag Deubner,   |c 1982 
300 |a x, 265 p.;  |c 22 cm. 
490 1 |a IDM-Reihe. Untersuchungen zum Mathematikunterricht  |v ; 3 
650 0 0 |a Mathematics  |x Study and teaching. 
700 1 |a Heymann, Hans Werner  |d 1946- 
700 1 |a Lorenz, Jens-Holger. 
830 0 |a IDM-Reihe. Untersuchungen zum Mathematikunterricht ;  |v ; 3 
852 |a INST  |b SAMOS  |e 19941103  |h 510.71 BAU  |p 005300002895  |q 005300002895  |t BK  |y 0 
901 |a BIBL3-2000-2 
909 |a Σ  |b 008266 
922 |a 3ΕΛΗ  |b 198710  |c ΤΜΗΜΑ ΜΑΘΗΜΑΤΙΚΩΝ  |d GLORY 
970 |z 2000/06/ΠΑΝΤΖΑΛΗ